Open Data Biblioteca Nacional de Portugal


República Portuguesa: Ministério da Cultura
Biblioteca Nacional de Portugal

Catálogo da BNP: acesso por Identificadores Unívocos
Registos Bibliográficos associados ao registo de autoridade

Etiqueta de registo: 00000nam 2200025 450
001 2072939
003 http://id.bnportugal.gov.pt/bib/catbnp/2072939
010 ## $a978-989-644-606-2
021 ## $aPT$b471918/20
100 ## $a20210616d2020 m y0pory01030103ba
101 1# $apor$ceng
102 ## $aPT
105 ## $ay z 000yy
106 ## $ar
200 1# $a O futuro que escolhemos$ecomo sobreviver à crise climática$fChristiana Figueres, Tom Rivett-Carnac$gtrad. Pedro Garcia Rosado
205 ## $a1ª ed
210 #9 $aLisboa$cTemas e Debates$cCírculo de Leitores,$d2020
215 ## $a236 p.$d24 cm
304 ## $aTít. orig.: The future we choose - surviving the climate crisis
675 ## $a502.1(100)$vBN$zpor$31566173
675 ## $a551.583(100)$vBN$zpor$31814627
700 #1 $aFigueres,$bChristiana,$f1956-$31811678
701 #1 $aRivett-Carnac,$bTom,$f1977-$4070$31811684
702 #1 $aRosado,$bPedro Garcia,$f1955-$4730$3111112
801 #0 $aPT$bBN$gRPC
856 41 $uhttp://rnod.bnportugal.gov.pt/ImagesBN/winlibimg.aspx?skey=&doc=2072939&img=152479&save=true
900 ## $aBIBNAC$d20210720
966 ## $lBN$mFGMON$sS.A. 176874 V.$x1
966 ## $lBN$mFGMON$sS.A. 176874 V.-D$x1
972 ## $d20210720$e2$visantos
973 ## $cmlsousa $d20210714
974 ## $d20210715$e0$vaalmeid
975 ## $e1$d20221117$visabelm

OpendataBNP@bnportugal.pt | Mais informação sobre acesso aos dados BNP